[Event "Sveshnikots"]
[Site "SchemingMind.com"]
[Date "2007.10.19"]
[Round "-"]
[White "Stavrogin"]
[Black "Orome"]
[Result "1-0"]
[WhiteCountry "GER"]
[BlackCountry "SUI"]
[WhiteElo "2129"]
[WhiteRD "82"]
[BlackElo "1813"]
[BlackRD "78"]
[GameID "125205"]

1. e4 c5 2. Nf3 Nc6 3. d4 cxd4 4. Nxd4 Nf6 5. Nc3 e5 6. Ndb5 d6 7. Bg5 a6 8. Na3 b5 9. Nd5 Qa5+ 10. Bd2 Qd8
11. c4 Nxe4 12. cxb5 Be6 13. Bc4 axb5 14. Nxb5 Qh4 15. Nbc7+ Kd8 16. g3 Nxg3 17. Bg5+ Qxg5 18. hxg3 Bxd5 19. Nxd5 Nd4 20. Rh5 Qg6
21. Ne3 Be7 22. Bd3 Qe6 23. Bxh7 Kd7 24. Be4 Rxh5 25. Bxa8 Bg5 26. Qxh5
1-0

[Event "Sveshnikots"]
[Site "SchemingMind.com"]
[Date "2007.10.19"]
[Round "-"]
[White "Manuel Angel"]
[Black "Orome"]
[Result "0-1"]
[WhiteCountry "ESP"]
[BlackCountry "SUI"]
[WhiteElo "1758"]
[WhiteRD "73"]
[BlackElo "1925"]
[BlackRD "86"]
[GameID "125206"]

1. e4 c5 2. Nf3 Nc6 3. d4 cxd4 4. Nxd4 Nf6 5. Nc3 e5 6. Ndb5 d6 7. Bg5 a6 8. Na3 b5 9. Bxf6 gxf6 10. Nd5 Bg7
11. c3 f5 12. Bd3 Be6 13. Qh5 O-O
0-1

[Event "Sveshnikots"]
[Site "SchemingMind.com"]
[Date "2007.10.23"]
[Round "-"]
[White "eduardogonzalezm"]
[Black "mikhailtal"]
[Result "1-0"]
[WhiteCountry "CHI"]
[BlackCountry "ENG"]
[WhiteElo "2112"]
[WhiteRD "81"]
[BlackElo "1850"]
[BlackRD "74"]
[GameID "125789"]

1. e4 c5 2. Nf3 Nc6 3. d4 cxd4 4. Nxd4 Nf6 5. Nc3 e5 6. Ndb5 d6 7. Bg5 a6 8. Na3 b5 9. Bxf6 Qxf6 10. Nd5 Qd8
11. c4 Qa5+ 12. Qd2 Qxd2+ 13. Kxd2 Rb8 14. cxb5 axb5 15. Bxb5 Bd7 16. Nc4 Nd4 17. Bxd7+ Kxd7 18. b4 Be7 19. Kd3 Bg5 20. a4 Rhc8
21. Ncb6+
1-0

[Event "Sveshnikots"]
[Site "SchemingMind.com"]
[Date "2007.10.23"]
[Round "-"]
[White "eduardogonzalezm"]
[Black "jdcald13"]
[Result "1-0"]
[WhiteCountry "CHI"]
[BlackCountry "USA"]
[WhiteElo "2112"]
[WhiteRD "81"]
[BlackElo "1907"]
[BlackRD "49"]
[GameID "125790"]

1. e4 c5 2. Nf3 Nc6 3. d4 cxd4 4. Nxd4 Nf6 5. Nc3 e5 6. Ndb5 a6 7. Nd6+ Bxd6 8. Qxd6 Qe7 9. Qxe7+ Nxe7 10. Bg5 b5
11. O-O-O Bb7 12. f3 O-O-O 13. Rd6 Kc7 14. Rxf6 gxf6 15. Bxf6 Rhe8 16. Bxe5+ d6 17. Bf6 Rd7 18. a3 d5 19. Bd3 dxe4 20. Nxe4 Nd5
21. Bd4 Nf4 22. Nf6 Nxd3+ 23. cxd3 Rxd4 24. Nxe8+ Kd8 25. Nf6 Rxd3 26. Nxh7 Ke7 27. Re1+ Kd6 28. h4 Rd4 29. Rd1 Rxd1+ 30. Kxd1 Ke5
31. h5 a5 32. Nf8 Kf6 33. h6 b4 34. Kd2 Bc8 35. g4
1-0

[Event "Sveshnikots"]
[Site "SchemingMind.com"]
[Date "2007.10.23"]
[Round "-"]
[White "eduardogonzalezm"]
[Black "Lazaro"]
[Result "1-0"]
[WhiteCountry "CHI"]
[BlackCountry "CUB"]
[WhiteElo "2129"]
[WhiteRD "77"]
[BlackElo "1595"]
[BlackRD "46"]
[GameID "125791"]

1. e4 c5 2. Nf3 Nc6 3. d4 cxd4 4. Nxd4 Nf6 5. Nc3 e5 6. Ndb5 d6 7. Bg5 a6 8. Na3 b5 9. Bxf6 gxf6 10. Nd5 Be6
11. c3 f5 12. exf5 Bxf5 13. Qf3 Be6 14. Nc2 Bg7 15. Nce3 O-O 16. Bd3 Ne7 17. Nxe7+ Qxe7 18. Be4 Rad8 19. Rd1 Qf6= 20. Qxf6 Bxf6
21. h4 Bxa2 22. Ra1 Be6 23. Rxa6 Kg7 24. Nf5+ Bxf5 25. Bxf5 Be7 26. Rh3 Ra8 27. Rb6 Rfb8 28. Rxb8 Rxb8 29. Be4 h6 30. Rg3+ Kf8
31. Rd3 b4 32. c4 b3 33. g3 Rb4 34. f3 f6 35. Kd2 Rxc4 36. Rxb3 Bd8 37. Rb5
1-0

[Event "Sveshnikots"]
[Site "SchemingMind.com"]
[Date "2007.10.23"]
[Round "-"]
[White "eduardogonzalezm"]
[Black "kisei"]
[Result "1/2-1/2"]
[WhiteCountry "CHI"]
[BlackCountry "HUN"]
[WhiteElo "2112"]
[WhiteRD "81"]
[BlackElo "2034"]
[BlackRD "71"]
[GameID "125792"]

1. e4 c5 2. Nf3 Nc6 3. d4 cxd4 4. Nxd4 Nf6 5. Nc3 e5 6. Ndb5 d6 7. Bg5 a6 8. Na3 b5 9. Bxf6 gxf6 10. Nd5 Bg7
11. c3 f5 12. exf5 Bxf5 13. Nc2 Ne7 14. Nxe7 Bxc2 15. Qxc2 Qxe7 16. Qe4 O-O 17. a4 d5 18. Qxd5 Rfd8 19. Qf3 e4 20. Qe3 b4
21. Be2 bxc3 22. bxc3 Rac8 23. O-O Rxc3 24. Qf4 e3 25. Rad1 Rxd1=
1/2-1/2

[Event "Sveshnikots"]
[Site "SchemingMind.com"]
[Date "2007.10.23"]
[Round "-"]
[White "eduardogonzalezm"]
[Black "javilez"]
[Result "1-0"]
[WhiteCountry "CHI"]
[BlackCountry "NCA"]
[WhiteElo "2112"]
[WhiteRD "81"]
[BlackElo "1742"]
[BlackRD "56"]
[GameID "125793"]

1. e4 c5 2. Nf3 Nc6 3. d4 cxd4 4. Nxd4 Nf6 5. Nc3 e5 6. Ndb5 d6 7. Bg5 a6 8. Na3 b5 9. Bxf6 gxf6 10. Nd5 Be6
11. c3 Be7 12. Qd3 Rb8 13. Nc2 Qd7 14. Nce3 Rg8 15. Be2 Bd8 16. g4 Bb6 17. Nxf6+
1-0

[Event "Sveshnikots"]
[Site "SchemingMind.com"]
[Date "2007.10.24"]
[Round "-"]
[White "eduardogonzalezm"]
[Black "Schaakmaatje"]
[Result "1-0"]
[WhiteCountry "CHI"]
[BlackCountry "NED"]
[WhiteElo "2058"]
[WhiteRD "91"]
[BlackElo "1751"]
[BlackRD "70"]
[GameID "125794"]

1. e4 c5 2. Nf3 Nc6 3. d4 cxd4 4. Nxd4 Nf6 5. Nc3 e5 6. Ndb5 d6 7. Bg5 a6 8. Na3 Be7 9. Nc4 b5 10. Bxf6 bxc4
11. Bxg7 Rg8 12. Bh6 Na5 13. Nd5 Be6 14. Be3 Rb8 15. Nxe7 Kxe7 16. b3 d5 17. Qh5 d4 18. Bd2 f6 19. Qxh7+ Kd6 20. Qa7 c3
21. Bxc3
1-0

[Event "Sveshnikots"]
[Site "SchemingMind.com"]
[Date "2007.10.23"]
[Round "-"]
[White "eduardogonzalezm"]
[Black "Stavrogin"]
[Result "0-1"]
[WhiteCountry "CHI"]
[BlackCountry "GER"]
[WhiteElo "2136"]
[WhiteRD "79"]
[BlackElo "2129"]
[BlackRD "82"]
[GameID "125795"]

1. e4 c5 2. Nf3 Nc6 3. d4 cxd4 4. Nxd4 Nf6 5. Nc3 e5 6. Ndb5 d6 7. Bg5 a6 8. Na3 b5 9. Bxf6 gxf6 10. Nd5 f5
11. Bd3 Be6 12. Qh5 Rg8 13. g3 Rg5 14. Qxh7 Nd4 15. O-O-O Rg6 16. exf5 Rh6 17. fxe6 Rxh7 18. e7 Bxe7 19. Bxh7 Qa5 20. c3 b4
21. Nxb4 Ne2+ 22. Kd2 Nxc3 23. bxc3 Qxa3 24. Be4 Rc8 25. Nd5 Qxa2+ 26. Ke3 Rc5 27. f4 f5 28. Rd2 Qa5 29. Bg2 e4 30. Rhd1 Rxc3+
31. Ke2 Ra3 32. Bh3 Qb5+ 33. Ke1 Bd8 34. Kf2 Bb6+ 35. Kg2 e3 36. Nxe3 Rxe3 37. Rxd6 Qb2+ 38. R1d2 Re2+
0-1

[Event "Sveshnikots"]
[Site "SchemingMind.com"]
[Date "2007.10.23"]
[Round "-"]
[White "eduardogonzalezm"]
[Black "Orome"]
[Result "1-0"]
[WhiteCountry "CHI"]
[BlackCountry "SUI"]
[WhiteElo "2136"]
[WhiteRD "79"]
[BlackElo "1813"]
[BlackRD "78"]
[GameID "125796"]

1. e4 c5 2. Nf3 Nc6 3. d4 cxd4 4. Nxd4 Nf6 5. Nc3 e5 6. Ndb5 d6 7. Bg5 a6 8. Na3 b5 9. Bxf6 gxf6 10. Nd5 Bg7
11. c3 f5 12. exf5 Bxf5 13. Nc2 Be6 14. Nce3 Ne7 15. Nxe7 Qxe7 16. Qf3 O-O 17. Bd3 d5 18. Nxd5 Bxd5 19. Qxd5 Rad8 20. Qe4 f5
21. Qe3
1-0

[Event "Sveshnikots"]
[Site "SchemingMind.com"]
[Date "2007.10.24"]
[Round "-"]
[White "eduardogonzalezm"]
[Black "Manuel Angel"]
[Result "1-0"]
[WhiteCountry "CHI"]
[BlackCountry "ESP"]
[WhiteElo "2112"]
[WhiteRD "81"]
[BlackElo "1758"]
[BlackRD "73"]
[GameID "125797"]

1. e4 c5 2. Nf3 Nc6 3. d4 cxd4 4. Nxd4 Nf6 5. Nc3 e5 6. Ndb5 d6 7. Bg5 a6 8. Na3 b5 9. Bxf6 gxf6 10. Nd5 Bg7
11. Bd3
1-0

[Event "Sveshnikots"]
[Site "SchemingMind.com"]
[Date "2007.10.23"]
[Round "-"]
[White "mikhailtal"]
[Black "eduardogonzalezm"]
[Result "0-1"]
[WhiteCountry "ENG"]
[BlackCountry "CHI"]
[WhiteElo "1863"]
[WhiteRD "71"]
[BlackElo "2136"]
[BlackRD "79"]
[GameID "125798"]

1. e4 c5 2. Nf3 Nc6 3. d4 cxd4 4. Nxd4 Nf6 5. Nc3 e5 6. Ndb5 d6 7. Bg5 a6 8. Na3 b5 9. Nd5 Be7 10. Bxf6 Bxf6
11. c3 O-O 12. Nc2 Bg5 13. h4 Bh6 14. g4 Bf4 15. Qf3 Re8 16. Nce3 Bxe3 17. Nxe3 Be6 18. g5 b4 19. c4 Nd4 20. Qg3 Qa5
21. b3 Nxb3 22. g6 Nxa1 23. gxh7+ Kxh7 24. Rg1 Rg8 25. Qg5 g6 26. h5 b3+ 27. Ke2 b2 28. hxg6+ Rxg6 29. Rh1+ Kg7 30. Qh5 b1=Q
0-1

[Event "Sveshnikots"]
[Site "SchemingMind.com"]
[Date "2007.10.23"]
[Round "-"]
[White "jdcald13"]
[Black "eduardogonzalezm"]
[Result "0-1"]
[WhiteCountry "USA"]
[BlackCountry "CHI"]
[WhiteElo "1907"]
[WhiteRD "49"]
[BlackElo "2112"]
[BlackRD "81"]
[GameID "125799"]

1. e4 c5 2. Nf3 Nc6 3. d4 cxd4 4. Nxd4 Nf6 5. Nc3 e5 6. Ndb5 d6 7. a4 a6 8. Na3 Be6 9. Bg5 Be7 10. Nc4 d5
11. Bxf6 dxc4 12. Bxg7 Rg8 13. Bh6 Qb6 14. Nd5 Bxd5 15. exd5 Nd4 16. c3 Qxh6 17. cxd4 Bb4+ 18. Ke2 Qf4 19. f3 exd4 20. Qc1 d3+
21. Kd1 Qe5 22. Bxd3 cxd3
0-1

[Event "Sveshnikots"]
[Site "SchemingMind.com"]
[Date "2007.10.24"]
[Round "-"]
[White "Lazaro"]
[Black "eduardogonzalezm"]
[Result "0-1"]
[WhiteCountry "CUB"]
[BlackCountry "CHI"]
[WhiteElo "1856"]
[WhiteRD "56"]
[BlackElo "2165"]
[BlackRD "76"]
[GameID "125800"]

1. e4 c5 2. Nf3 Nc6 3. d4 cxd4 4. Nxd4 Nf6 5. Nc3 e5 6. Ndb5 d6 7. Bg5 a6 8. Na3 b5 9. Nd5 Be7 10. Bxf6 Bxf6
11. c4 b4 12. Nc2 O-O 13. Nxf6+ Qxf6 14. Qd3 Rb8 15. b3 Qg6 16. h4 Bg4 17. Be2 Bxe2 18. Kxe2 Qh5+ 19. Kf1 Rbc8 20. a3 a5
21. Rh3 bxa3 22. Rxa3= f5 23. exf5 Rxf5 24. Ne3 Rf7 25. Qxd6 Rd8 26. g4 Rxd6 27. gxh5 Rd2 28. Ng4 Rf4 29. Rg3 Kf7 30. b4 axb4
31. Ra6 Rd1+ 32. Kg2 Rdd4 33. Ne3 Rf6 34. Nd5 Rh6
0-1

[Event "Sveshnikots"]
[Site "SchemingMind.com"]
[Date "2007.10.23"]
[Round "-"]
[White "kisei"]
[Black "eduardogonzalezm"]
[Result "1/2-1/2"]
[WhiteCountry "HUN"]
[BlackCountry "CHI"]
[WhiteElo "2034"]
[WhiteRD "71"]
[BlackElo "2112"]
[BlackRD "81"]
[GameID "125801"]

1. e4 c5 2. Nf3 Nc6 3. d4 cxd4 4. Nxd4 Nf6 5. Nc3 e5 6. Ndb5 d6 7. Bg5 a6 8. Na3 b5 9. Nd5 Be7 10. Bxf6 Bxf6
11. c3 O-O 12. Nc2 Be6 13. a4 Bxd5 14. Qxd5 Ne7 15. Qb3 bxa4 16. Rxa4 Qd7 17. Bxa6 Rfb8 18. Nb4 Qg4 19. O-O Qxe4 20. Qd1 Rd8
21. Re1 Qf5 22. Bd3 Qc8 23. Rxa8 Qxa8 24. Qh5 h6 25. Bc2 d5 26. Rd1=
1/2-1/2

[Event "Sveshnikots"]
[Site "SchemingMind.com"]
[Date "2007.10.23"]
[Round "-"]
[White "javilez"]
[Black "eduardogonzalezm"]
[Result "0-1"]
[WhiteCountry "NCA"]
[BlackCountry "CHI"]
[WhiteElo "1742"]
[WhiteRD "56"]
[BlackElo "2112"]
[BlackRD "81"]
[GameID "125802"]

1. e4 c5 2. Nf3 Nc6 3. d4 cxd4 4. Nxd4 Nf6 5. Nc3 e5 6. Ndb5 d6 7. Bg5 a6 8. Na3 b5 9. Nd5 Be7 10. Bxf6 Bxf6
11. c3 Bg5 12. Be2 O-O 13. O-O Ne7 14. Qd3 Nxd5 15. Qxd5 Be6 16. Qd3 d5 17. Rfd1 dxe4 18. Qxe4 Qf6 19. Nc2 Bf5
0-1

[Event "Sveshnikots"]
[Site "SchemingMind.com"]
[Date "2007.10.24"]
[Round "-"]
[White "Schaakmaatje"]
[Black "eduardogonzalezm"]
[Result "0-1"]
[WhiteCountry "NED"]
[BlackCountry "CHI"]
[WhiteElo "1751"]
[WhiteRD "70"]
[BlackElo "2058"]
[BlackRD "91"]
[GameID "125803"]

1. e4 c5 2. Nf3 Nc6 3. d4 cxd4 4. Nxd4 Nf6 5. Nc3 e5 6. Ndb5 d6 7. Nd5 Nxd5 8. exd5 Nb8 9. Qf3 a6 10. Qa3 Be7
11. c4 O-O 12. Be3 Bf5 13. f4 Nc6 14. Nc3 Nd4 15. Bxd4 exd4 16. Ne2 Bh4+ 17. g3 Bf6 18. O-O-O Re8 19. Nxd4 Bg4 20. Rd2 Re1+
21. Kc2 Qe8 22. Bg2 Bxd4 23. Rxe1 Qxe1 24. Rxd4 Bf5+
0-1

[Event "Sveshnikots"]
[Site "SchemingMind.com"]
[Date "2007.10.23"]
[Round "-"]
[White "Stavrogin"]
[Black "eduardogonzalezm"]
[Result "1/2-1/2"]
[WhiteCountry "GER"]
[BlackCountry "CHI"]
[WhiteElo "2129"]
[WhiteRD "82"]
[BlackElo "2136"]
[BlackRD "79"]
[GameID "125804"]

1. e4 c5 2. Nf3 Nc6 3. d4 cxd4 4. Nxd4 Nf6 5. Nc3 e5 6. Ndb5 Bb4 7. a3 Bxc3+ 8. Nxc3 d6 9. Bg5 h6 10. Bxf6 Qxf6
11. Nd5 Qd8 12. Bc4 O-O 13. O-O Kh8 14. Qh5 f5 15. f3 Be6 16. Rad1 Nd4 17. exf5 Bxd5 18. Bxd5 Nxc2 19. Rd3 Qb6+ 20. Kh1 Qb5
21. Be4 d5 22. Rfd1 Nd4 23. f6 Rxf6 24. Bxd5 Qxd5 25. Rxd4 Qxd4 26. Rxd4 exd4 27. Qd5 Re8 28. Kg1 Re1+ 29. Kf2 Rfe6 30. Qxd4 R1e2+
31. Kf1 Re1+ 32. Kf2= R1e2+ 33. Kf1 Re1+ 34. Kf2 R1e2+
1/2-1/2

[Event "Sveshnikots"]
[Site "SchemingMind.com"]
[Date "2007.10.23"]
[Round "-"]
[White "Orome"]
[Black "eduardogonzalezm"]
[Result "0-1"]
[WhiteCountry "SUI"]
[BlackCountry "CHI"]
[WhiteElo "1813"]
[WhiteRD "78"]
[BlackElo "2136"]
[BlackRD "79"]
[GameID "125805"]

1. e4 c5 2. Nf3 Nc6 3. d4 cxd4 4. Nxd4 Nf6 5. Nc3 e5 6. Ndb5 d6 7. Bg5 a6 8. Na3 b5 9. Bxf6 gxf6 10. Nd5 Bg7
11. c3 f5 12. exf5 Bxf5 13. Nc2 Ne7 14. Bd3 Be6 15. Nxe7 Qxe7 16. Be4 Rd8 17. Bc6+ Kf8 18. Bd5 Bxd5 19. Qxd5 Qe6 20. Ne3 Bh6
21. O-O Bxe3 22. Qxe6 fxe6
0-1

[Event "Sveshnikots"]
[Site "SchemingMind.com"]
[Date "2007.10.24"]
[Round "-"]
[White "Manuel Angel"]
[Black "eduardogonzalezm"]
[Result "0-1"]
[WhiteCountry "ESP"]
[BlackCountry "CHI"]
[WhiteElo "1758"]
[WhiteRD "73"]
[BlackElo "2112"]
[BlackRD "81"]
[GameID "125806"]

1. e4 c5 2. Nf3 Nc6 3. d4 cxd4 4. Nxd4 Nf6 5. Nc3 e5 6. Ndb5 d6 7. Bg5 a6 8. Na3 b5 9. Nd5 Be7 10. Nxe7 Nxe7
0-1